Top 10 Tiefste Seen der Welt - Statistiken

Allgemein
  • Dieses Quiz wurde 29 mal gespielt
  • Das Durchschnittsergebnis liegt bei 3 aus 10
Antwortstatistiken
Hint Antwort % Korrekt
1642m Baikalsee
96%
1025m Kaspisches Meer
60%
706m Malawi
28%
1470m Tanganjikasee
20%
614m Großer Sklavensee
16%
1000m Wostocksee
12%
594m Crater Lake
8%
668m Yssykköl
8%
836m Lago O‘Higgins
4%
590m Danau Matano
0%
Keine übereinstimmenden Quizze gefunden
Verteilung der Resultate
Anzahl Personen mit jedem Resultat
Perzentil nach korrekt beantworteten Fragen
Ihre Resultats-Entwicklung
Sie haben dieses Quiz noch nicht gespielt